000 01051nas a2200325 4500
001 BR2022000892
003 BR-BrBNA
005 20231205132320.0
007 ta
008 230509b bl.|||p| |||| 00| 00por d
040 _aBR-BrBNA
_bpor
_cBiblioteca Nacional de Agricultura
041 _a(Pt)
072 _aJ13
100 1 _aFernandes, D.P.B.
100 1 _aMori, C.
100 1 _aNazareno, A.C.
100 1 _aPizzolante, C.C.
100 1 _aMoraes, J.E.
245 1 _aQualidade interna de diferentes tipos de ovos comercializados durante o inverno e o verão
650 _aOVO
650 _aARMAZENAMENTO
650 _aTEMPERATURA
650 _aCOMERCIALIZAÇÃO
650 _aCONSUMIDOR
650 _aCONTROLE DE QUALIDADE
773 0 _tArquivo Brasileiro de Medicina Veterinária e Zootecnia (Brazil)
_xISSN 1678-4162
_g(2015), v. 67(4) p. 1559-1165
_wBR2022000892
856 4 0 _uhttps://www.scielo.br/j/abmvz/a/9VzvJTLBfTknJzQtCNR5xgj/?format=pdf lang=pt
909 _a202311
_bLúcia
_c55
_dLúcia Elande
942 _2AGRIS
_n0
_cANA
999 _c259649
_d259649